000 00635nam a2200157 a 4500
001 000036972
005 20200930080045.0
008 120207s1986 pr 000 0 spa d
040 _aDO-SdBNP
_bspa
_cBNPHU
100 1 _aJara Jiménez, Cronwell Jorge
_963357
245 1 3 _aPremio copé de cuento 1985 /
_cronwell Jorge Jara Jiménez ; prólogo Carlos Arellana Quintanilla.
246 1 4 _aLa fuga de Agamenon Castro y los cuentos ganadores del premio copé:
_b1985
260 _aLima, Perú :
_bPetroperu. Departamento de Relaciones Públicas,
_c1986.
300 _a301 p. ;
_c21 cm.
700 1 _aArellana Quintanilla, Carlos
_epról.
_963358
999 _c36462
_d36462